000
00352nam a2200121Ia 4500
008
180126s9999||||xx |||||||||||||| ||und||
020
_a
978-986-302-276-3
100
_a
賴淑惠
245
0
_c
賴淑惠
_a
幽默,讓生活更美好:溝通的藝術,打開人際關係的大門
250
_a
初版
260
_c
2015.11
_a
台北市
300
_c
cm.
_a
p.
942
_2
ccl
_c
BOOK
999
_c
105
_d
105